000 00369nam a2200145Ia 4500
008 230917s9999||||xx |||||||||||||| ||und||
040 _e109466
_aMAIN
041 _aEnglish
082 _a954.029 A11L
100 _aAlam, Muzaffar
245 0 _aLanguage of political Islam in India
260 _aDelhi
_bPermanent Black
_c2004
300 _axiii, 244 p.
942 _cBK
999 _c123615
_d123615